The evolution of a manufacturing system at Toyota /

Detalles Bibliográficos
Autor Principal: Fujimoto, Takahiro, 1955-
Formato: Libro
Idioma:English
Publicado: New York : Oxford University Press, 1999.
Subjects:
Classic Catalogue: View this record in Classic Catalogue
LEADER 01710nam a2200373 a 4500
001 45736
003 BD-DhAAL
005 20260510182912.0
008 260510t1999 nyua b 001 0 eng
010 |a  98038201  
020 |a 0195123204 
020 |a 9780195123203 
035 |a 2616760 
040 |a DLC  |c DLC  |d DLC  |d BD-DhAAL 
043 |a a-ja--- 
050 0 0 |a TL278  |b .F83 1999 
082 0 0 |a 629.234  |2 21 
100 1 |a Fujimoto, Takahiro,  |d 1955-  |9 60554 
245 1 4 |a The evolution of a manufacturing system at Toyota /  |c Takahiro Fujimoto. 
260 |a New York :  |b Oxford University Press,  |c 1999. 
300 |a x, 380 pages :  |b illustrations ;  |c 25 cm. 
504 |a Includes bibliographical references (p. 349-364) and index. 
526 8 |a AAL 
541 1 |a Donated by Embassy of Japan in Bangladesh, Read Japan Project 2025, The Tokyo Foundation, supported by The Nippon Foundation.  |e 45736 
610 2 0 |a Toyota Jidōsha Kabushiki Kaisha  |x Management.  |9 60555 
650 0 |a Automobiles  |x Design and construction.  |9 32046 
650 0 |a Industrial efficiency. 
650 0 |a Operations research. 
650 0 |a Toyota automobiles.  |9 60556 
650 0 |a Technology. 
852 1 |a Ayesha Abed Library  |c General Stacks 
942 |2 ddc  |c BK 
999 |c 47902  |d 47902 
952 |0 0  |1 0  |2 ddc  |4 0  |6 629_234000000000000_FUJ  |7 0  |9 79160  |a BRACUL  |b BRACUL  |d 2026-05-10  |e Donated by Embassy of Japan in Bangladesh, Read Japan Project 2025, The Tokyo Foundation, supported by The Nippon Foundation.  |l 0  |o 629.234 FUJ  |p 3010045736  |r 2026-05-10  |t 1  |w 2026-05-10  |y BK  |x Donated copy received from Embassy of Japan in Bangladesh, Read Japan Project 2025, The Tokyo Foundation, supported by The Nippon Foundation on 08 April 2026; $100.03